000 00354nam a2200109Ia 4500
008 230320s9999||||xx |||||||||||||| ||spa||
082 _aTMG/2019/2
100 _aPumalaza Díaz, Alberto Lazaro
245 0 _aCalidad Educativa Y Rendimiento Académico En Estudiantes De Una Universidad Privada De La Ciudad De Lima
260 _bLima, 2019
942 _80
_cLIB
999 _c51167
_d51167